| 000 | 00484nam a22001817a 4500 | ||
|---|---|---|---|
| 003 | OSt | ||
| 005 | 20240710145330.0 | ||
| 008 | 240710b |||||||| |||| 00| 0 eng d | ||
| 020 | _a0205317421 | ||
| 040 | _cChuka university library | ||
| 050 |
_aTK 5105.8 _b.B37 2001 |
||
| 100 |
_aJoseph Piela _916717 |
||
| 245 | _aWeb Writting And Web Designing | ||
| 260 |
_aGould Street _bPearson Education Company _c2001 |
||
| 300 | _a218p | ||
| 650 |
_aWeb Sites _916718 |
||
| 942 |
_2lcc _cBK _n0 |
||
| 999 |
_c17802 _d17802 |
||